Číslicové počítače : Logika počítačového systému

Na minha lista:
Detalhes bibliográficos
Autor principal: Blatný, Jan (Author)
Formato: Livro
Idioma:tcheco
Publicado em: Praha : SNTL, 1972
Tags: Adicionar Tag
Sem tags, seja o primeiro a adicionar uma tag!

MARC

LEADER 00000nam a22000003a 4500
001 stu264841
005 20150617230140.3
008 130327s--------xr------------------cze-d
040 |a STU  |b slo 
041 0 |a cze 
044 |a xr 
100 1 |a Blatný, Jan  |4 aut 
245 1 |a Číslicové počítače :  |b Logika počítačového systému 
260 |a Praha :  |b SNTL,  |c 1972 
300 |a 256 s 
996 |c I*3S1599  |l I  |s A  |a 24  |w stu264841_0001